| 000 | 00790nam a2200217Ia 4500 | ||
|---|---|---|---|
| 003 | GCL | ||
| 008 | 140319s9999 xx 000 0 ara d | ||
| 040 |
_aGCL / _cGCL |
||
| 082 | 0 | 4 |
_a398.03 _bم م |
| 100 | 1 | _aمحمد الجوهرى | |
| 245 | 1 | 0 |
_aمصادر دراسة الفولكلور العربى قائمة بيلوجرافية مشروحة / _cمحمد الجوهرى |
| 260 |
_a[S.N] : _bدار الثقافة للنشر والتوزيع ، _c1983 |
||
| 300 | _a734 ص | ||
| 490 |
_aسلسلة عالم الاجتماع المعاصر الكتاب التاس _v0 |
||
| 650 | 0 | 4 | _aالفولكلور |
| 650 | 0 | 4 | _aالاغانى الشعبية |
| 650 | 0 | 4 | _aبيليوجرافيات |
| 650 | 0 | 4 | _aالاساطير |
| 650 | 0 | 4 | _aالقصص الشعبية |
| 942 |
_2ddc _cBK |
||
| 999 |
_c30040 _d30040 |
||